Normal view
MARC view
- إعداد وتقديم عبد الخالق، غسان إسماعيل
Entry Personal Name
001 - CONTROL NUMBER
- control field: 46260
003 - CONTROL NUMBER IDENTIFIER
- control field: JO-AjAnu
005 - DATE AND TIME OF LATEST TRANSACTION
- control field: 20230606081639.0
008 - FIXED-LENGTH DATA ELEMENTS
- fixed length control field: 230606|| aca||aabn | a|a d
040 ## - CATALOGING SOURCE
- Original cataloging agency: JO-AjAnu
- Transcribing agency: JO-AjAnu
100 ## - HEADING--PERSONAL NAME
- Personal name: إعداد وتقديم عبد الخالق، غسان إسماعيل
670 ## - SOURCE DATA FOUND
- Source citation: Work cat.: (JO-AjAnu)23679: إعداد وتقديم عبد الخالق، غسان إسماعيل, author, مرايا العاشقين: مهرجان فيلادلفيا الثاني للشعراء الشباب: نصوص مختارة (16/3/2013)